000
00319nam a2200133Ia 4500
008
240624s9999 xx 000 0 und d
041
_a
eng
082
_a
158.122 LIT
100
_a
LITVINOFF SARAH
245
_a
CONFIDENCE PLAN
260
_c
2007
_a
England
_b
BBC Active
300
_a
240 : p. : cm. ; 21
365
_c
_b
30
999
_c
11416
_d
11416